000 00896cam a22002897a 4500
003 CHAP
005 20220817043400.0
008 971013s1983 r 00010 d
010 _a73862
011 _a74834
035 _a84393
040 _cCHAP
090 _aFolleto 9592
100 0 0 _aHaro Arias, Edgar Sabel.
_952780
245 0 _aGuía para producir cártamo en el Valle del Yaquí
260 _aCd. Obregon, Son. :
_bINIA. Campo Agrícola Experimental Valle del Yaqui,
_c1983
300 _a16 p.
490 0 _aFolleto para productores
_v; 9
590 _aBATCH-UPD
_b10
_c20130110
_lUCH01
_h0411
590 _aBATCH-UPD
_b10
_c20130110
_lUCH01
_h2327
590 _aCONVERSION
_b10
_c20130109
_lUCH01
_h1340
650 1 4 _aAzafrancillo.
_99048
830 0 _aFolleto para productores
_v; 9
901 _aBK
942 _cFOLL
949 _aFolleto 9592
_bBC
_cFOLL
_d-39721
_eTS1
_i84393
_mD
_si
999 _c73862
_d73862